| 000 | 00673nam a2200205Ia 4500 | ||
|---|---|---|---|
| 003 | IN-BaIIA | ||
| 008 | 211028s9999 xx 000 0 eng d | ||
| 020 | _a0-521-22285-0 | ||
| 040 | _cIIA Library | ||
| 080 |
_a524.834 _bGEN |
||
| 245 | 0 |
_aGeneral relativity _ban Einstein centenary survey _cedited by S. W. Hawking and W. Israel |
|
| 260 |
_aCambridge _bCambridge University Press _c1979 |
||
| 300 | _axviii, 919p. | ||
| 650 | _aAstronomy and astrophysics thesaurus | ||
| 650 |
_aGeneral relativity _93824 |
||
| 650 | _aRelativity | ||
| 700 |
_aHawking, S. W., ed. _911031 |
||
| 700 |
_aIsrael, W., ed. _911032 |
||
| 942 | _cBK | ||
| 999 |
_c6426 _d6426 |
||